LEADER 01720nas a2200241 i 4500 001 000000152387 003 CaOOAMICUS 005 20060907000000.0 008 060728b2005 it uu u0 0mul r 013 $a129728 040 $aSeMil$bita 245 10$aConvegno Internazionale "Nuove Prospettive negli Studi Andini = Nuevas Perspectivas en los Estudios Andinos" :$bAtti, Firenze, 19-20 maggio 2005. 260 $aFirenze :$bSocietà Italiana di Antropologia e Etnologia,$c2005 (stampa 2006) 300 $a446 p. :$bill., tabelle ;$c24 cm. 500 $aIn testa al front. : 574. Adunanza scientifica della Società Italiana di Antropologia e Etnologia. - Articoli con sintesi in italiano [Riassunto], in inglese [Summary], in francese [Résumé] o in spagnolo [Resumen] in testa. - Contiene : Rendiconti della Società Italiana di Antropologia e Etnologia [febbraio-novembre 2005]. - Titolo dalla copertina. 700 1 $aConvegno Internazionale «Nuove Prospettive negli Studi Andini = Nuevas Perspectivas en los Estudios Andinos» <2005 ; Firenze>.$0(OLS)http://semarc/name/59778 773 0 $tArchivio per l'Antropologia e l'Etnologia.$dFirenze : La Nuova Italia $x0373-3009$w()1910 774 0 $t[vedi periodico].$w()264701 850 $aSeMil 852 $aSeMil$W1$xVenegono$y1$m95 5 38$j104346$B104346$CSeMilBibl$Z2$F114120 $85 961 $aAbbonamento: Società Italiana di Antropologia e Etnologia 996 $6245$aConvegno Internazionale "Nuove Prospettive negli Studi Andini = Nuevas Perspectivas en los Estudios Andinos" :$bAtti, Firenze, 19-20 maggio 2005$9(OLS)http://semarc/title/222812 996 $6260$aFirenze :$bSocietà Italiana di Antropologia e Etnologia$9(OLS)http://semarc/publisher/47351 LEADER 00989nam a2200253 i 4500 001 000000249911 003 CaOOAMICUS 005 20160705000000.0 008 160705s1963 it u000 u ita u 013 $a228816 040 $aSeMil$bita 100 1 $aDel Guercio, Antonio.$0(OLS)http://semarc/name/34921 245 10$aGéricault /$cAntonio Del Guercio. 260 $aMilano :$bClub del Libro,$c1963. 300 $a322 p., di cui 4 ripiegate :$bill ;$c25 cm. 490 0 $aCollana d'arte del Club del Libro ;$v4. 500 $aIn custodia. 650 4$aGéricault, Théodore.$0(OLS)http://semarc/subject/30556 830 0$aCollana d'arte del Club del Libro ;$v4.$0(OLS)http://semarc/title/19950 850 $aSeMil 852 $aSeMil$W1$xVenegono$y1$m5I VI 155$j200257$B200257$CSeMilBibl$Z2$F213343 $81 961 $aOmaggio: Sagramoso Guido 996 $6245$aGéricault$9(OLS)http://semarc/title/352100 996 $6260$aMilano :$bClub del Libro$9(OLS)http://semarc/publisher/34066